[Event "AUT-chT2W 1516"]
[Site "Austria"]
[Date "2016.03.05"]
[Round "10.2"]
[White "Rusche, Johannes"]
[Black "Hajdarevic, Dino"]
[Result "1-0"]
[WhiteElo "2266"]
[BlackElo "2135"]
[PlyCount "81"]
[EventDate "2015.10.16"]
[EventType "team-tourn"]
[EventRounds "11"]
[EventCountry "AUT"]
[SourceTitle "EXT 2017"]
[Source "ChessBase"]
[SourceDate "2016.10.25"]
[SourceVersion "1"]
[SourceVersionDate "2016.10.25"]
[SourceQuality "1"]
[WhiteTeam "Kufstein/Woergl"]
[BlackTeam "Voels/Innsbruck"]
[WhiteTeamCountry "AUT"]
[BlackTeamCountry "AUT"]

1. e4 g6 2. d4 Bg7 3. Nc3 c6 4. Nf3 d5 5. Bd3 dxe4 6. Nxe4 Nh6 7. 0-0 0-0 8. c3 Nf5 9. Re1 Nd7 10. Qe2 Nf6 11. Ned2 Re8 12. Nc4 Nd6 13. Nce5 h6 14. a4 a5 15. Qc2 Rb8 16. Bf4 Bf5 17. Bxf5 Nxf5 18. Nc4 Ra8 19. Qb3 Ra7 20. Rad1 Nd5 21. Be5 f6 22. g4 fxe5 23. dxe5 Qc8 24. Nb6 Qe6 25. Nxd5 cxd5 26. gxf5 Qxf5 27. Qxd5+ Kh7 28. e6 Qg4+ 29. Kh1 Rd8 30. Qxd8 Qxf3+ 31. Kg1 Qg4+ 32. Kf1 Qh3+ 33. Ke2 Ra6 34. Rd3 Rxe6+ 35. Kd2 Qf5 36. Rxe6 Qxe6 37. Qd5 Qf6 38. Rf3 Qh4 39. Qxb7 Qxa4 40. Qxe7 Qb5 41. Kc1 1-0

[Event "AUT-chT2W 1516"]
[Site "Austria"]
[Date "2016.03.04"]
[Round "9.1"]
[White "Dobosz, Henryk"]
[Black "Hajdarevic, Dino"]
[Result "1-0"]
[WhiteElo "2389"]
[BlackElo "2135"]
[PlyCount "77"]
[EventDate "2015.10.16"]
[EventType "team-tourn"]
[EventRounds "11"]
[EventCountry "AUT"]
[SourceTitle "EXT 2017"]
[Source "ChessBase"]
[SourceDate "2016.10.25"]
[SourceVersion "1"]
[SourceVersionDate "2016.10.25"]
[SourceQuality "1"]
[WhiteTeam "Bregenz"]
[BlackTeam "Voels/Innsbruck"]
[WhiteTeamCountry "AUT"]
[BlackTeamCountry "AUT"]

1. c4 e5 2. Nc3 Nf6 3. Nf3 Nc6 4. e3 d5 5. cxd5 Nxd5 6. Bb5 Nxc3 7. bxc3 Bd7 8. d4 exd4 9. cxd4 Bb4+ 10. Bd2 Qe7 11. 0-0 Bd6 12. e4 0-0 13. e5 Bb4 14. Bg5 Qe8 15. Rb1 Ba5 16. Qd3 Bb6 17. Rfe1 Ne7 18. Bxe7 Qxe7 19. Bxd7 Qxd7 20. Ng5 g6 21. d5 Qg4 22. Ne4 Qf4 23. Nf6+ Kg7 24. Re2 Rad8 25. g3 Qd4 26. Qf3 h5 27. Re4 Qd2 28. a4 Rxd5 29. Nxd5 Qxd5 30. Qf6+ Kg8 31. Rbe1 Bd4 32. Qe7 Qd8 33. Qb4 c5 34. Qxb7 Qa5 35. Qc6 Rb8 36. R1e2 Qc3 37. Kg2 Rb3 38. Rf4 Qc4 39. e6 1-0

[Event "AUT-chT2W 1415"]
[Site "Austria"]
[Date "2015.01.24"]
[Round "7.1"]
[White "Gara, Anita"]
[Black "Hajdarevic, Dino"]
[Result "1-0"]
[WhiteElo "2322"]
[BlackElo "2142"]
[PlyCount "109"]
[EventDate "2014.10.10"]
[EventType "team-tourn"]
[EventRounds "11"]
[EventCountry "AUT"]
[SourceTitle "EXT 2016"]
[Source "ChessBase"]
[SourceDate "2015.10.08"]
[SourceVersion "1"]
[SourceVersionDate "2015.10.08"]
[SourceQuality "1"]
[WhiteTeam "Neumarkt"]
[BlackTeam "Innsbruck"]
[WhiteTeamCountry "AUT"]
[BlackTeamCountry "AUT"]

1. e4 e5 2. Nf3 Nc6 3. Bb5 a6 4. Ba4 Nf6 5. d3 b5 6. Bb3 Be7 7. 0-0 0-0 8. Nc3 d6 9. a3 Bg4 10. Be3 Nd4 11. Bxd4 exd4 12. Nd5 Nxd5 13. Bxd5 Rb8 14. h3 Bxf3 15. Qxf3 Bf6 16. Qg4 Qc8 17. Qxc8 Rfxc8 18. f4 c6 19. Bb3 Be7 20. a4 b4 21. a5 Rb7 22. Kh2 Bd8 23. Bc4 Ra8 24. Ra4 Be7 25. g4 Kf8 26. Kg3 Bd8 27. g5 Be7 28. h4 Rd7 29. Re1 Bd8 30. Re2 Bc7 31. Rxb4 Bxa5 32. Ra4 Bb6 33. Rxa6 Rxa6 34. Bxa6 Ra7 35. Bc8 Ra2 36. Bd7 c5 37. e5 Ke7 38. e6 f6 39. gxf6+ gxf6 40. Kf3 Bd8 41. Ke4 Ra1 42. Rg2 Kf8 43. Kf5 Rh1 44. e7+ Kxe7 45. Rg7+ Kf8 46. Rxh7 Kg8 47. Rh6 Rg1 48. Rg6+ Rxg6 49. Kxg6 Ba5 50. Be6+ Kh8 51. h5 Bd2 52. f5 Bg5 53. Bd5 Bh4 54. Kf7 Kh7 55. Ke6 1-0

[Event "AUT-chT2W 1415"]
[Site "Austria"]
[Date "2014.11.30"]
[Round "5.2"]
[White "Abhau, Jochen"]
[Black "Hajdarevic, Dino"]
[Result "1/2-1/2"]
[WhiteElo "2276"]
[BlackElo "2142"]
[PlyCount "61"]
[EventDate "2014.10.10"]
[EventType "team-tourn"]
[EventRounds "11"]
[EventCountry "AUT"]
[SourceTitle "CBM 163 Extra"]
[Source "ChessBase"]
[SourceDate "2014.12.23"]
[SourceVersion "1"]
[SourceVersionDate "2014.12.23"]
[SourceQuality "1"]
[WhiteTeam "Bregenz"]
[BlackTeam "Innsbruck"]
[WhiteTeamCountry "AUT"]
[BlackTeamCountry "AUT"]

1. Nf3 Nf6 2. g3 d5 3. Bg2 g6 4. d4 Bg7 5. c4 c6 6. cxd5 cxd5 7. 0-0 0-0 8. Ne5 Nc6 9. Nxc6 bxc6 10. Nc3 Bf5 11. Be3 Ng4 12. Bg5 h6 13. Bf4 e5 14. dxe5 Nxe5 15. Rc1 Re8 16. Na4 Rc8 17. b3 Qe7 18. Re1 Red8 19. Bd2 c5 20. Ba5 Rd7 21. Bxd5 Qd6 22. e4 Bg4 23. Qc2 Nf3+ 24. Kg2 Nxe1+ 25. Bxe1 Bd4 26. Bc3 Qf6 27. f4 Re8 28. Bxd4 Qxd4 29. Nc3 Rde7 30. Nb5 Qe3 31. Nd6 1/2-1/2

[Event "AUT-chT2W 1415"]
[Site "Austria"]
[Date "2014.10.11"]
[Round "2.1"]
[White "Hajdarevic, Dino"]
[Black "Pogan, Nikolas"]
[Result "1/2-1/2"]
[WhiteElo "2142"]
[BlackElo "2301"]
[PlyCount "61"]
[EventDate "2014.10.10"]
[EventType "team-tourn"]
[EventRounds "11"]
[EventCountry "AUT"]
[SourceTitle "EXT 2015"]
[Source "ChessBase"]
[SourceDate "2014.11.20"]
[SourceVersion "1"]
[SourceVersionDate "2014.11.20"]
[SourceQuality "1"]
[WhiteTeam "Innsbruck"]
[BlackTeam "Rum Rochade"]
[WhiteTeamCountry "AUT"]
[BlackTeamCountry "AUT"]

1. e4 d6 2. d4 Nf6 3. Nc3 e5 4. Nf3 Nbd7 5. Bc4 Be7 6. 0-0 0-0 7. Re1 a6 8. a4 b6 9. dxe5 Nxe5 10. Nxe5 dxe5 11. Nd5 Nxd5 12. Bxd5 Rb8 13. Be3 Qd6 14. Qe2 c6 15. Bb3 Qg6 16. f3 h5 17. Qf2 Bd8 18. Red1 Bc7 19. Qg3 Qxg3 20. hxg3 Rd8 21. Bg5 Rxd1+ 22. Rxd1 Kf8 23. Be3 Ke7 24. Kf2 Be6 25. Bxe6 Kxe6 26. Ke2 g6 27. b3 Ra8 28. Ra1 Rb8 29. Rd1 Rh8 30. Ra1 f5 31. Rh1 1/2-1/2

[Event "AUT-chT2W 1314"]
[Site "Austria"]
[Date "2014.03.08"]
[Round "10.5"]
[White "Hofer, Emilian"]
[Black "Hajdarevic, Dino"]
[Result "1/2-1/2"]
[WhiteElo "2028"]
[BlackElo "2118"]
[PlyCount "78"]
[EventDate "2013.10.18"]
[EventType "team-tourn"]
[EventRounds "11"]
[EventCountry "AUT"]
[SourceTitle "EXT 2015"]
[Source "ChessBase"]
[SourceDate "2014.11.20"]
[SourceVersion "1"]
[SourceVersionDate "2014.11.20"]
[SourceQuality "1"]
[WhiteTeam "Hohenems II"]
[BlackTeam "Schwarzach"]
[WhiteTeamCountry "AUT"]
[BlackTeamCountry "AUT"]

1. e4 c5 2. Nf3 d6 3. d4 cxd4 4. Nxd4 Nf6 5. Nc3 a6 6. Be2 e5 7. Nb3 Be6 8. 0-0 Be7 9. Kh1 d5 10. exd5 Nxd5 11. Nxd5 Bxd5 12. c4 Bc6 13. Qxd8+ Bxd8 14. Be3 a5 15. Rad1 a4 16. Nc1 Na6 17. b3 Be7 18. Nd3 f6 19. f3 0-0 20. Rd2 Rfe8 21. Rfd1 Bf8 22. Bf1 Rec8 23. Rb1 axb3 24. axb3 Nb4 25. Nxb4 Bxb4 26. Rdb2 Rd8 27. Be2 Kf7 28. Kg1 Ke7 29. Kf2 Be8 30. Bd1 Bg6 31. Bc2 Bc3 32. Bxg6 hxg6 33. Rc2 Bd4 34. Ke2 Ra3 35. Bc1 Raa8 36. Bd2 Ke6 37. Be3 Rd7 38. Rd2 Rad8 39. Rbd1 Rd6 1/2-1/2

[Event "AUT-chT2W 1314"]
[Site "Austria"]
[Date "2014.01.18"]
[Round "7.6"]
[White "Atzl, Florian"]
[Black "Hajdarevic, Dino"]
[Result "1/2-1/2"]
[WhiteElo "1824"]
[BlackElo "2118"]
[PlyCount "76"]
[EventDate "2013.10.18"]
[EventType "team-tourn"]
[EventRounds "11"]
[EventCountry "AUT"]
[SourceTitle "EXT 2015"]
[Source "ChessBase"]
[SourceDate "2014.11.20"]
[SourceVersion "1"]
[SourceVersionDate "2014.11.20"]
[SourceQuality "1"]
[WhiteTeam "Kufstein/Woergl"]
[BlackTeam "Schwarzach"]
[WhiteTeamCountry "AUT"]
[BlackTeamCountry "AUT"]

1. e4 c5 2. Nf3 d6 3. d4 cxd4 4. Nxd4 Nf6 5. Nc3 a6 6. h3 e5 7. Nde2 Be6 8. Ng3 Be7 9. Be2 0-0 10. 0-0 Nc6 11. Be3 Qa5 12. a3 d5 13. b4 Qd8 14. exd5 Nxd5 15. Nxd5 Qxd5 16. c4 Qxd1 17. Rfxd1 Nd4 18. Bxd4 exd4 19. Bd3 g6 20. c5 a5 21. Be4 Ra7 22. Ne2 Bb3 23. Rdb1 Bc4 24. Nf4 Bg5 25. Bd3 Bxd3 26. Nxd3 Bd2 27. Ra2 Bc3 28. Re2 axb4 29. axb4 f6 30. b5 Kf7 31. c6 bxc6 32. bxc6 Rc7 33. Nc5 Re8 34. Rb7 Ba5 35. Rxc7+ Bxc7 36. Rxe8 Kxe8 37. Ne6 Bb6 38. Kf1 Ke7 1/2-1/2

[Event "AUT-chT2W 1213"]
[Site "Austria"]
[Date "2013.01.13"]
[Round "8.5"]
[White "Spiesberger, Gerhard"]
[Black "Hajdarevic, Dino"]
[Result "0-1"]
[WhiteElo "2130"]
[BlackElo "2044"]
[PlyCount "102"]
[EventDate "2012.10.05"]
[EventType "team-tourn"]
[EventRounds "11"]
[EventCountry "AUT"]
[SourceTitle "EXT 2014"]
[Source "ChessBase"]
[SourceDate "2013.11.20"]
[SourceVersion "1"]
[SourceVersionDate "2013.11.20"]
[SourceQuality "1"]
[WhiteTeam "Ranshofen"]
[BlackTeam "Schwarzach"]
[WhiteTeamCountry "AUT"]
[BlackTeamCountry "AUT"]

1. b3 Nf6 2. f4 d5 3. Nf3 g6 4. Bb2 Bg7 5. e3 0-0 6. Be2 c5 7. 0-0 a6 8. Qe1 Nc6 9. d3 d4 10. e4 Nb4 11. Bd1 Ng4 12. a3 Nc6 13. h3 Ne3 14. Rf2 Qc7 15. Nbd2 Bh6 16. Nf1 Bxf4 17. Bc1 Nxd1 18. Bxf4 Qxf4 19. Rxd1 Qh6 20. Ng3 e5 21. Qe2 Be6 22. Nh2 Qe3 23. Qxe3 dxe3 24. Rff1 f5 25. exf5 gxf5 26. Rfe1 Nd4 27. Rc1 Bd5 28. Ne2 f4 29. Nc3 Bc6 30. Ne2 h5 31. Nxd4 exd4 32. Rf1 Rf5 33. Nf3 Rd8 34. Rce1 Rdf8 35. Re2 b5 36. h4 Bxf3 37. Rxf3 R5f7 38. Re1 Rg7 39. Ref1 Rg4 40. g3 Kg7 41. Kg2 Kg6 42. Rxf4 Rfxf4 43. Rxf4 Rxf4 44. gxf4 Kf5 45. Kf3 e2 46. Kxe2 Kxf4 47. b4 cxb4 48. axb4 Kg3 49. c4 dxc3 50. d4 Kxh4 51. d5 Kg5 0-1